Historia del pensamiento económico (Registro nro. 4938)

Detalles MARC
000 -LEADER
fixed length control field 01989 a2200205 4500
001 - CONTROL NUMBER
control field 50020
005 - DATE AND TIME OF LATEST TRANSACTION
control field 20260407155801.0
008 - FIXED-LENGTH DATA ELEMENTS--GENERAL INFORMATION
fixed length control field 260407a1965 arg spa d
003 - CONTROL NUMBER IDENTIFIER
control field AR-UNSa-BCEJYS
040 ## - CATALOGING SOURCE
Original cataloging agency AR-UNSa-BCEJYS
Language of cataloging spa
Transcribing agency AR-UNSa-BCEJYS
080 ## - UNIVERSAL DECIMAL CLASSIFICATION NUMBER
Universal Decimal Classification number 330.8
Common auxiliary subdivision Historia de las teorías, Doctrinas, Dogmas económicos (pensamiento económico)
041 ## - LANGUAGE CODE
Language code of text/sound track or separate title spa
100 1# - MAIN ENTRY--PERSONAL NAME
Personal name Taylor, Overton H.
245 10 - TITLE STATEMENT
Title Historia del pensamiento económico
264 #1 - PRODUCTION, PUBLICATION, DISTRIBUTION, MANUFACTURE, AND COPYRIGHT NOTICE
Place of production, publication, distribution, manufacture Buenos Aires :
Name of producer, publisher, distributor, manufacturer TEA (Tipográfica Editora Argentina)
Date of production, publication, distribution, manufacture, or copyright notice 1965
300 ## - PHYSICAL DESCRIPTION
Extent 609 p.
Dimensions 23 cm.
505 ## - FORMATTED CONTENTS NOTE
Formatted contents note 1. El siglo VIII, Locke y Newton: El orden natural y los fisiócratas - 2. Los precursores de Adam Smith en filosofía moral - 3. La filosofía de la ciencia y la teoría de la psicología social y de la ética de Adam Smith - 4. El ideal y la teoría de la economía liberal autoajustable de Adam Smith - 5. El Benthamismo - 6. Malthus: crecimiento y pobreza de la población y economía clásica - 7. Ricardo: Introducción - 8. Ricardo: La teoría ricardiana de los valores de cambio, partes de renta y desarrollo económico, y la herejía de la falta de consumo - 9. Juan Stuart Mill: filosofía, ética, política y lógica - 10. Juan Stuart Mill: economía y economía política - 11. Carlos Marx y su sistema intelectual: sus elementos socialistas, ricardianos y hegelianos - 12. El liberalismo conservador victoriano y la economía neoclásica - 13. La economía de Marshall - 14. Del último apogeo del liberalismo clásico a las ideologías, regímenes y conflictos mundiales de mediados del siglo XX: socialismo democrático y liberalismo intervencionista - 16. Desarrollos recientes de nuevas teorías económicas relativas a problemas de política económica: un nuevo análisis de la competencia y el monopolio - 17. Recientes desarrollos de nuevas teorías económicas relacionadas con problemas de normas públicas: la economía keynesiana.
590 ## - LOCAL NOTE (RLIN)
Local note niveau_biblio:m niveau_hierar:0
942 ## - ADDED ENTRY ELEMENTS (KOHA)
Koha item type
Existencias
Withdrawn status Lost status Damaged status Not for loan Home library Current library Shelving location Date acquired Total checkouts Full call number Barcode Date last seen Price effective from Koha item type
        Biblioteca Prof. Eusebio Cleto del Rey Biblioteca Prof. Eusebio Cleto del Rey   07/04/2026   330.8 T236 L24623 07/04/2026 07/04/2026 Libro
        Biblioteca Prof. Eusebio Cleto del Rey Biblioteca Prof. Eusebio Cleto del Rey   07/04/2026   330.8 T236 L21125 07/04/2026 07/04/2026 Libro
        Biblioteca Prof. Eusebio Cleto del Rey Biblioteca Prof. Eusebio Cleto del Rey   07/04/2026   330.8 T236 L24624 07/04/2026 07/04/2026 Libro